| 000 | 00762nam a2200253 a 4500 | ||
|---|---|---|---|
| 999 |
_c614 _d614 |
||
| 005 | 20191217041552.0 | ||
| 008 | 140221b1976 CK ||||| |||| 00| 0 spa d | ||
| 040 |
_aCO-BoIAVH _cCO-BoIAVH |
||
| 041 | _aspa | ||
| 044 | _ack | ||
| 090 |
_aIND-I _b12 |
||
| 110 | _bInderena | ||
| 245 | _aInforme sobre el recurso forestal y las industrias forestales de la zona Pacífico de Colombia | ||
| 260 |
_aBogotá _bInderena _c1976 |
||
| 300 | _a2 vol. | ||
| 505 | _aVol. 1: Sección 1 | ||
| 505 | _aVol. 2: Sección 2 | ||
| 650 | _aRecursos forestales | ||
| 650 | _aProductos maderables | ||
| 650 | _aAprovechamiento forestal | ||
| 662 |
_aColombia _cPacífico |
||
| 710 | _aReid Collins Associates Ltda. | ||
| 942 |
_cINFORME _2z |
||